000
00332nam a2200133Ia 4500
008
240624s9999 xx 000 0 und d
041
_a
eng
082
_a
658.404 KEM
100
_a
KEMP SID
245
_a
PROJECT MANAGEMENT DEMYSTIFIED
260
_c
2004
_a
New Delhi
_b
Tata McGrawhill
300
_a
xii, : 340 : cm. ; 24
365
_c
RS
999
_c
2231
_d
2231